• 首页
  • 本馆介绍
  • 公告通知
  • 最新文献
  • 馆藏检索
  • 电子资源
  • 读者导购
  • 参考咨询
  • 我的图书馆
  • 登录
  • 详细信息显示
  • 放入我的书架
  • 预约/预借图书
  • 作者相关作品
  • 分类相关作品
  • 丛书相关作品
  • 出版社相关作品

书目信息

  • 表格格式
  • 工作单格式
  • 卡片格式
题名:
《希腊志略》《罗马志略》校注
    
 
作者: 法伊夫 , 克赖顿 著 ;艾约瑟 , 陈德正 , 韩薛兵 编译
分册:  
出版信息: 北京   商务印书馆  2014
页数: 331页
开本: 21cm
丛书名:
单 册:
中图分类: K125 , K126
科图分类:
主题词: 古希腊--gu xi la--历史 , 古罗马--gu luo ma--历史
电子资源:
ISBN: 978-7-100-09517-4
000 01436nam0 22003251 450
001 0115101241
005 20170415101241.0
010    @a978-7-100-09517-4@dCNY46.00
100    @a20140911d2014 em y0chiy50 ea
101 1  @achi@ceng
102    @aCN@b110000
105    @aab z 000yy
106    @ar
200 1  @a《希腊志略》《罗马志略》校注@Axi la zhi lue luo ma zhi lue jiao zhu@f(英)法伊夫,(英)克赖顿著@g(英)艾约瑟编译@g陈德正,韩薛兵校注
210    @a北京@c商务印书馆@d2014
215    @a331页@c图,地图@d21cm
300    @a国家社科基金项目“西方古典学在中国”(项目编号:10BSS001)的阶段性成果 山东省“齐鲁文化英才”工程专项资金资助
305    @a校注以上海盈记书庄发兑的光绪戊戌(1898)版本为底本
330    @a本书分为《希腊志略》和《罗马志略》两部分,《希腊志略》叙述了从希腊民族的起源至公元前211年希腊更为罗马省的历史;《罗马志略》则叙述了从周平王十八年(公元前753年)建造罗马城至1453年土耳其人攻取君士坦丁堡“东罗马亡”两千多年的历史。
606 0  @a古希腊@Agu xi la@x历史
606 0  @a古罗马@Agu luo ma@x历史
690    @aK125@v5
690    @aK126@v5
701  0 @c(英)@a法伊夫@Afa yi fu@c(Fyffe, C. A.)@4著
701  0 @c(英)@a克赖顿@Ake lai dun@c(Creighton, M.)@4著
702  0 @c(英)@a艾约瑟@Aai yue se@c(Edkins, Joseph@f1823~1905)@4编译
702  0 @a陈德正@Achen de zheng@f(1962~)@4校注
702  0 @a韩薛兵@Ahan xue bing@f(1984~)@4校注
801  0 @aCN@bTANGWEI@c20170308
905    @b0965862-4@dK125@e236@f3
    
    《希腊志略》《罗马志略》校注/(英)法伊夫,(英)克赖顿著/(英)艾约瑟编译/陈德正,韩薛兵校注.-北京:商务印书馆,2014
    331页:图,地图;21cm
    国家社科基金项目“西方古典学在中国”(项目编号:10BSS001)的阶段性成果 山东省“齐鲁文化英才”工程专项资金资助
    
    ISBN 978-7-100-09517-4:CNY46.00
    本书分为《希腊志略》和《罗马志略》两部分,《希腊志略》叙述了从希腊民族的起源至公元前211年希腊更为罗马省的历史;《罗马志略》则叙述了从周平王十八年(公元前753年)建造罗马城至1453年土耳其人攻取君士坦丁堡“东罗马亡”两千多年的历史。
●
相关链接 在E读中查询图书 在五车中查询图书 在当当中查询图书 在豆瓣中查询图书


正题名:《希腊志略》《罗马志略》校注     索取号:K125/236         预约/预借

序号 登录号 条形码 馆藏地/架位号 状态 备注
1 0965862   209658627   第二样本阅览室/ [索取号:K125/236] 在馆    
2 0965863   209658636   第二借阅区/ [索取号:K125/236] 在馆    
3 0965864   209658645   第二借阅区/ [索取号:K125/236] 在馆    
唐山师范学院图书馆 欢迎您!
大连网信软件有限公司© 版权所有